000 00606nam a2200217Ii 4500
003 JO-AjNU
008 230606s9999||||xx |||||||||||||| ||und||
020 _a978-0-19-871667-9
040 _aJO-AjNU
_beng
_erda
_cJO-AjNU
041 _aeng
050 1 4 _aK564.C6.C56 2021
100 3 _aMillard, Christopher ,
_eauthor
_96494
245 0 0 _aCloud Computing Law
250 _a2ed
264 3 1 _aUnited Kingdom: Oxford University Prees, 2021
300 _a622p
336 _atext
_btxt
_2rdacontent
337 _aunmediated
_bn
_2rdamedia
338 _avolume
_bnc
_2rdacarrier
650 4 _aLaw-Cloud
_96495
999 _aE3371
_c3367
_d3367